000
00371nam a22001577a 4500
003
MPLRDC
005
20220104124131.0
008
210129b ||||| |||| 00| 0 eng d
082
_a
857.6 HX-5
100
_a
海辛
245
_a
人生的彩虹
_c
260
_a
_b
香港万源图书公司
_c
1975
300
_b
平
650
_a
短篇小说
942
_c
BK
_o
857.6 HX-5
999
_c
16898
_d
16888